000 00287nam a22001337a 4500
008 190304b xxu||||| |||| 00| 0 eng d
020 _a9781933988351
041 _aeng
080 _a004
100 _a28
101 _aSHK
245 _ajQuery in Action
_cBibeault,B
942 _2udc
_cBK
999 _c54419
_d54419